000 00474cam a2200193ua 4500
001 9546
008 160203n ii |||gr||||Z||||||eng
020 _a812192300X
040 _cMAIN
041 _aeng
082 _a658.3
100 _aKhanka, S.S.,
_eAuthor.
245 _aHuman resource management (text and cases)
_cby S.S. Khanka
250 _a1st ed. rep.
260 _aNew Delhi:
_bS Chand,
_c2014.
300 _a449p.
653 _aGeneral management
942 _cBK
999 _c8578
_d8578